[Event "SVK-ch Region"]
[Site "Slovakia"]
[Date "2006.07.02"]
[Round "3"]
[White "Marvanyi, Milan"]
[Black "Durst, Peter"]
[Result "1/2-1/2"]
[WhiteElo "1833"]
[BlackElo "1894"]
[PlyCount "35"]
[EventDate "2006.06.04"]
[EventType "swiss"]
[EventRounds "9"]
[EventCountry "SVK"]
[SourceTitle "EXT 2007"]
[Source "ChessBase"]
[SourceDate "2006.11.23"]
[SourceVersion "1"]
[SourceVersionDate "2006.11.23"]
[SourceQuality "1"]

1. d4 Nf6 2. c4 e6 3. Nc3 Bb4 4. Qc2 c5 5. e3 cxd4 6. exd4 d5 7. Nf3 Nc6 8. a3 Be7 9. cxd5 exd5 10. Be2 Bg4 11. 0-0 0-0 12. Be3 Rc8 13. Qd1 h6 14. h3 Be6 15. Rc1 Nd7 16. Qd2 Bd6 17. Bf4 Bxf4 18. Qxf4 1/2-1/2